000 00582nam a22001817a 4500
005 20170403164206.0
010 _aENG-117700
020 _a9789384782702
_c950.00
035 _aEN-101232
037 _bDBAD/PUB
082 _a302.2
100 _aPatnaik, Bhatati Bala
245 _aEssays on communication /
_cby Bhartati Bala Patnaik
260 _aDelhi
_bDisha International Publishing House
_c2016
270 _aF-7, Gali no. 1, Panchsheel Garden Ext. Naveen Shahdra
_b Delhi
_e110032
300 v _aviii,287p.
_c23cm (Hb)
942 _2ddc
_cEN
_h302.2
_mPAT
999 _c138647
_d138647